000 01207cam a22003737a 4500
003 CHAP
005 20220817041603.0
008 971013s1983 r 00010 d
010 _a18878
011 _a19850
035 _a23935
040 _cCHAP
090 _aFolleto 7869
100 0 0 _aDíaz Avelar, Javier.
_933366
245 0 _aProducción comercial de plantas de ornato y follajes
260 _aMéxico, D.F. :
_bFondo de Garantía y Fomento para la Agricultura, Ganadería y Apicultura,
_c1983
300 _a71 p.
_b: ilus.
410 _aFIRA
490 0 _aBoletin informativo
_v; 134
590 _aBATCH-UPD
_b10
_c20130110
_lUCH01
_h0238
590 _aBATCH-UPD
_b10
_c20130110
_lUCH01
_h1314
590 _aBATCH-UPD
_b10
_c20130410
_lUCH01
_h0827
590 _aBATCH-UPD
_b10
_c20130914
_lUCH01
_h0649
590 _aCONVERSION
_b10
_c20130109
_lUCH01
_h1311
650 1 4 _aCultivos en invernadero.
_930376
650 1 4 _aFlores
_xPropagación.
_941405
650 1 4 _aPlantas de follaje.
_988935
650 1 4 _aPlantas ornamentales.
810 _aFIRA
_941029
830 0 _aBoletin informativo
_v; 134
901 _aBK
942 _cFOLL
949 _aFolleto 7869
_bBC
_cFOLL
_d-55436
_eTS1
_i23935
_si
999 _c18878
_d18878